| 000 | 01066nam a22003257a 4500 | ||
|---|---|---|---|
| 001 | 0052412 | ||
| 003 | KOHA_MİRAKIL | ||
| 005 | 20260207003841.0 | ||
| 007 | ta | ||
| 008 | 150629b2013 tu |||gr||||#||||0|tur | | ||
| 020 | _a9786050202816 | ||
| 040 |
_aTR-BiSEU _btur _cTR-BiSEU _erda |
||
| 041 | 0 | _atur | |
| 044 | _ctu | ||
| 050 |
_aJC71.A41 _bA75 2013 |
||
| 100 | 0 |
_aAristoteles _q(Aristo). |
|
| 245 | 1 |
_aAtinalıların devleti/ _cAristoteles (Aristo) ; Aristoteles (Aristo); Eski Yunancadan Çeviren Furkan Akdemir. |
|
| 264 | 1 |
_aİstanbul : _bSay _c2013 |
|
| 300 | _a118 sayfa; 23 cm. | ||
| 336 |
_ametin _btxt _2rdacontent |
||
| 337 |
_aaracısız _bn _2rdamedia |
||
| 338 |
_acilt _bnc _2rdacarrier |
||
| 490 | 1 |
_aAristoteles Bütün Yapıtlar ; _v4. |
|
| 500 | _aKaynakça var. | ||
| 650 | 0 |
_aAthens (Greece--Constitutional history. _956679 |
|
| 650 | 0 |
_aAthens (Greece--Politics and government. _956680 |
|
| 650 | 0 |
_aPolitical science--Early works to 1800. _99815 |
|
| 830 | 1 |
_aAristoteles Bütün Yapıtlar ; _v4. _997854 |
|
| 942 |
_2lcc _cBK |
||
| 999 |
_c52229 _d52229 |
||